Discursos de su Santidad Juan Pablo II en sus visitas a México / (Registro nro. 20059)
[ vista simple ]
| 000 -LEADER | |
|---|---|
| fixed length control field | 01409cam a2200325 i 4500 |
| 001 - CONTROL NUMBER | |
| control field | 20059 |
| 003 - CONTROL NUMBER IDENTIFIER | |
| control field | Mx-PuUPA |
| 005 - DATE AND TIME OF LATEST TRANSACTION | |
| control field | 20260115122903.0 |
| 008 - FIXED-LENGTH DATA ELEMENTS--GENERAL INFORMATION | |
| fixed length control field | 140415s2002 it r 000 0 spa d |
| 040 ## - CATALOGING SOURCE | |
| Original cataloging agency | MX-PuUPA |
| Language of cataloging | spa |
| Description conventions | rda |
| Transcribing agency | Mx-PuUPA |
| Modifying agency | Mx-PuUPA |
| 041 1# - LANGUAGE CODE | |
| Language code of text/sound track or separate title | spa |
| Language code of original | ita |
| 100 0# - MAIN ENTRY--PERSONAL NAME | |
| Personal name | John Paul, |
| Numeration | II, |
| Titles and words associated with a name | Pope, |
| Dates associated with a name | 1920-2005 |
| Relator term | autor |
| 9 (RLIN) | 17 |
| 240 10 - UNIFORM TITLE | |
| Uniform title | Obras. |
| Form subheading | Eclesiásticas. |
| Language of a work | Español |
| Date of a work | 1979-2002 |
| 245 10 - TITLE STATEMENT | |
| Title | Discursos de su Santidad Juan Pablo II en sus visitas a México / |
| Statement of responsibility, etc. | Juan Pablo II. |
| 264 #1 - PRODUCTION, PUBLICATION, DISTRIBUTION, MANUFACTURE, AND COPYRIGHT NOTICE | |
| Place of production, publication, distribution, manufacture | [Ciudad del Vaticano, Roma, Italia] : |
| Name of producer, publisher, distributor, manufacturer | Libreria Editrece Vaticana, |
| Date of production, publication, distribution, manufacture, or copyright notice | 1979-2002 |
| 300 ## - PHYSICAL DESCRIPTION | |
| Extent | 205 páginas ; |
| Dimensions | 22 cm. |
| 336 ## - CONTENT TYPE | |
| Content type term | texto |
| Fuente | rdacontent |
| Content type code | txt |
| 337 ## - MEDIA TYPE | |
| Media type term | sin medio |
| Source | rdamedia |
| Media type code | n |
| 338 ## - CARRIER TYPE | |
| Carrier type term | volumen |
| Source | rdacarrier |
| Carrier type code | nc |
| 600 04 - SUBJECT ADDED ENTRY--PERSONAL NAME | |
| Personal name | Juan Pablo II, Papa, |
| General subdivision | Discursos |
| 600 04 - SUBJECT ADDED ENTRY--PERSONAL NAME | |
| Personal name | Juan Pablo II, |
| General subdivision | Visitas pastorales |
| Geographic subdivision | México |
| General subdivision | Historia |
| Chronological subdivision | 1976-2002 |
| 650 #4 - SUBJECT ADDED ENTRY--TOPICAL TERM | |
| Topical term or geographic name entry element | Iglesia católica |
| Geographic subdivision | México |
| General subdivision | Clero |
| -- | Documentos papales |
| 650 #4 - SUBJECT ADDED ENTRY--TOPICAL TERM | |
| Topical term or geographic name entry element | Vida monástica y religiosa |
| 650 #4 - SUBJECT ADDED ENTRY--TOPICAL TERM | |
| Topical term or geographic name entry element | Visitas eclesiasticas |
| Geographic subdivision | México |
| General subdivision | Historia |
| Chronological subdivision | 1976-2002 |
| 765 08 - ORIGINAL LANGUAGE ENTRY | |
| Relationship information | Traducción de (obra): |
| Main entry heading | Juan Pablo II, Papa, 1920-2005. |
| Title | Discorsi. |
| 776 18 - ADDITIONAL PHYSICAL FORM ENTRY | |
| Relationship information | Reproducción digital (manifestación) |
| Main entry heading | Giovanni Paolo II. |
| Title | Discorsi. |
| 856 40 - ELECTRONIC LOCATION AND ACCESS | |
| Host name | w2.vatican.va |
| Uniform Resource Identifier | http://w2.vatican.va/content/john-paul-ii/it.html |
| Link text | Texto completo |
| Public note | Versión digital |
| 942 ## - ADDED ENTRY ELEMENTS (KOHA) | |
| Source of classification or shelving scheme | Dewey Decimal Classification |
| Koha item type | Libro |
| Classification part | 282 |
| Item part | J912 |
| Withdrawn status | Lost status | Source of classification or shelving scheme | Damaged status | Not for loan | Collection code | Home library | Current library | Shelving location | Date acquired | Source of acquisition | Total Checkouts | Full call number | Barcode | Date last seen | Price effective from | Koha item type |
|---|---|---|---|---|---|---|---|---|---|---|---|---|---|---|---|---|
| Dewey Decimal Classification | Consulta en sala | Karol Wojtyla | Biblioteca Karol Wojtyla | Biblioteca Karol Wojtyla | Sala "Colecciones Especiales" | 14/02/2018 | Compra | 282 JUA 2002 | 66073 | 05/01/2026 | 14/02/2018 | Libro |